书目信息 |
| 题名: |
防黑缉毒擒木马之绝命追杀
|
|
| 作者: | 程秉辉 , 霍克, 编著 | |
| 分册: | ||
| 出版信息: | 北京 科学出版社 2006.04 |
|
| 页数: | 506页 | |
| 开本: | 23cm | |
| 丛书名: | Windows黑客任务实战系列 | |
| 单 册: | ||
| 中图分类: | TP393.08 | |
| 科图分类: | ||
| 主题词: | 计算机网络--ji suan ji wang luo--安全技术 | |
| 电子资源: | ||
| ISBN: | 7-03-016854-2 | |
| 000 | 01058nam 2200265 450 | |
| 001 | 012006852140 | |
| 005 | 20060912165444.73 | |
| 010 | @a7-03-016854-2@dCNY46.00 (含光盘) | |
| 100 | @a20060619d2006 km y0chiy0120 ea | |
| 101 | 0 | @achi@aeng |
| 102 | @aCN@b110000 | |
| 105 | @aa z 000yy | |
| 200 | 1 | @a防黑缉毒擒木马之绝命追杀@Afang hei ji du qin mu ma zhi jue ming zhui sha@f程秉辉, John Hawke编著@Fcheng bing hui,John Hawke bian zhu |
| 210 | @a北京@c科学出版社@d2006.04 | |
| 215 | @a506页@c图@d23cm@e光盘1片 | |
| 225 | 2 | @aWindows黑客任务实战系列@AWindows hei ke ren wu shi zhan xi lie |
| 314 | @a责任者规范汉译姓: 霍克 | |
| 330 | @a本书对Windows下的各种可能出现的漏洞进行彻底的整理, 加入了大量新的黑客技巧与攻防, 提供更新、更方便的各种防黑防毒的操作。 | |
| 410 | 0 | @12001 @aWindows黑客任务实战系列 |
| 606 | 0 | @a计算机网络@Aji suan ji wang luo@x安全技术 |
| 690 | @aTP393.08@v4 | |
| 701 | 0 | @a程秉辉@Acheng bing hui@4编著 |
| 701 | 1 | @a霍克,@Ahuo ke,@bJ.@g(Hawke, John)@4编著 |
| 801 | 0 | @aCN@bQSSK@c20060912 |
| 905 | @a10447@dTP393.08@eC732 | |
| 防黑缉毒擒木马之绝命追杀/程秉辉, John Hawke编著.-北京:科学出版社,2006.04 |
| 506页:图;23cm+光盘1片.-(Windows黑客任务实战系列) |
| ISBN 7-03-016854-2:CNY46.00 (含光盘) |
| 本书对Windows下的各种可能出现的漏洞进行彻底的整理, 加入了大量新的黑客技巧与攻防, 提供更新、更方便的各种防黑防毒的操作。 |
| ● |
| 相关链接 |
|
|
|
正题名:防黑缉毒擒木马之绝命追杀
索取号:TP393.08/C732
 
预约/预借
| 序号 | 登录号 | 条形码 | 馆藏地/架位号 | 状态 | 备注 |
| 1 | 589319 | 205893194 | 自科二线404/301自科库 116排2列3层/ [索取号:TP393.08/C732] | 在馆 | |
| 2 | 589320 | 205893201 | 自科库301/301自科库 121排2列2层/ [索取号:TP393.08/C732] | 在馆 | |
| 3 | 589321 | 205893210 | 期刊室512/301自科库 116排2列2层/ [索取号:TP393.08/C732] | 在馆 |